00779 a2200217 4500010001400000020002600014035001300040037001600053082001000069090001700079100001700096245009200113260005000205270004600255300002800301500001900329650003600348942002500384999001700409952013500426 aENG-89155 a9780070223905c199.00 aEN-72688 bDBAD / PUB a158.1 c10416d10416 aKukla, Andre aMental traps:cby Andre Kuklabstupid things that Sane people do to mess up their minds aNew DelhibTata McGraw-Hill Publishingc2008 a7, West Patel Nagar,bNew Delhie110 008 avi, 153p.c21cm (pbk ) aIncludes index aSelf-actualization (Psychology) adplcENk158.1 / KUK c10153d10153 00102ddc40718NFICaDBADbDBADeDBAD/PUBg199.00l0o158.1 KUKpEN-72688r2008-09-15 00:00:00t1u11182v199.00w2008-09-15yEN